|
|
|
|
| LEADER |
00000nam a2200000 a 4500 |
| 001 |
vtls001312293 |
| 003 |
SK-MaSNL |
| 005 |
20260301005149.0 |
| 008 |
240314s1994 xo am r yy 0 slo |
| 035 |
|
|
|a SNK000264690
|
| 040 |
|
|
|a SNK
|b slo
|c SNK
|e AACR2
|
| 044 |
|
|
|a xo
|c SK
|
| 080 |
|
|
|a 614:002:681.3
|2 1981
|
| 080 |
|
|
|a 002:681.3:614
|2 1981
|
| 100 |
1 |
|
|a Puchala, Rastislav
|4 aut
|9 289068
|
| 245 |
1 |
0 |
|a Automatizované informačné systémy v zdravotníctve
|b diplomová práca
|c diplomant Rastislav Puchala ; školiteľ Jaroslav Šušol
|
| 260 |
|
|
|a Bratislava
|b Filozofická fakulta Univerzity Komenského
|c 1994
|
| 300 |
|
|
|a 90 s.
|c 29 cm
|
| 650 |
0 |
7 |
|a zdravotníctvo
|x systémy informačné automatizované
|x práce diplomové
|2 SNK
|9 289069
|
| 650 |
0 |
7 |
|a práce diplomové
|2 SNK
|9 287996
|
| 650 |
0 |
7 |
|a systémy informačné automatizované
|x zdravotníctvo
|x práce diplomové
|2 SNK
|9 289070
|
| 655 |
|
7 |
|a diplomové práce
|2 SNK
|9 70156
|
| 700 |
1 |
|
|a Šušol, Jaroslav,
|d 1963-
|4 ini
|9 210249
|
| 999 |
|
|
|c 544359
|d 546289
|
| 952 |
|
|
|t P60, <03>, [BOOK], {603}
|a SNK
|b SNK
|y PREZ
|7 0
|p 17A0096780
|o snkDIP 75
|i snkF 342/2002
|0 0
|1 0
|4 0
|d 2002-04-19
|l 0
|r 2005-01-02 00:00:00
|w 2026-02-23
|